Alle Orte in Luxemburg auf einer Karte - Statistiken

Allgemein
  • Dieses Quiz wurde 30 mal gespielt
  • Das Durchschnittsergebnis liegt bei 66 aus 544
Antworten auf der Karte
Die Antworten werden auf der Karte rot bzw. grün angezeigt, abhängig davon wie oft sie richtig erraten wurden.
 
Antwortstatistiken
Kanton Gemeinde Ort Einwohner % Korrekt
Luxemburg Luxemburg Luxemburg 136 651
96%
Esch an der Alzette Düdelingen Düdelingen 22 221
74%
Esch an der Alzette Esch an der Alzette Esch an der Alzette 37 956
74%
Wiltz Esch-Sauer Esch-Sauer 403
74%
Remich Schengen Schengen 687
57%
Redingen Grosbous-Wahl Wahl 474
57%
Diekirch Diekirch Diekirch 7 370
52%
Echternach Echternach Echternach 5 937
52%
Diekirch Ettelbrück Ettelbrück 8 563
52%
Esch an der Alzette Differdingen Differdingen 17 783
48%
Grevenmacher Grevenmacher Grevenmacher 5 264
48%
Capellen Habscht Hobscheid 2 060
48%
Wiltz Wiltz Wiltz 6 053
48%
Esch an der Alzette Bettemburg Bettemburg 9 186
43%
Redingen Ell Ell 594
43%
Capellen Mamer Mamer 8 080
43%
Mersch Mersch Pittingen 247
43%
Luxemburg Sandweiler Sandweiler 3 845
43%
Luxemburg Strassen Strassen 10 688
43%
Grevenmacher Mertert Wasserbillig 3 548
43%
Capellen Kehlen Kehlen 2 499
39%
Mersch Mersch Mersch 5 164
39%
Luxemburg Niederanven Niederanven 1 558
39%
Remich Remich Remich 4 136
39%
Vianden Vianden Vianden 2 209
39%
Mersch Bissen Bissen 3 505
35%
Capellen Mamer Capellen 2 487
35%
Clerf Clerf Clerf 1 625
35%
Diekirch Schieren Colmar-Brücke 8
35%
Capellen Garnich Garnich 1 328
35%
Redingen Rambruch Holtz 317
35%
Clerf Parc Hosingen Hosingen 1 365
35%
Grevenmacher Junglinster Junglinster 3 867
35%
Capellen Käerjeng Küntzig 2 061
35%
Esch an der Alzette Leudelingen Leudelingen 2 768
35%
Mersch Lorentzweiler Lorentzweiler 1 582
35%
Esch an der Alzette Monnerich Monnerich 3 919
35%
Esch an der Alzette Differdingen Niederkorn 7 979
35%
Mersch Mersch Reckingen 1 083
35%
Esch an der Alzette Rümelingen Rümelingen 5 764
35%
Esch an der Alzette Sassenheim Sassenheim 2 842
35%
Esch an der Alzette Schifflingen Schifflingen 11 630
35%
Capellen Steinfort Steinfort 3 146
35%
Clerf Wintger Weiler 57
35%
Vianden Pütscheid Weiler 154
35%
Luxemburg Weiler zum Turm Weiler zum Turm 1 054
35%
Grevenmacher Wormeldingen Ahn 273
30%
Remich Bad Mondorf Bad Mondorf 4 246
30%
Luxemburg Bartringen Bartringen 9 198
30%
Redingen Beckerich Beckerich 868
30%
Mersch Helperknapp Bour 73
30%
Remich Bous-Waldbredimus Bous 747
30%
Capellen Kopstal Bridel 3 586
30%
Luxemburg Contern Contern 2 059
30%
Capellen Habscht Eischen 2 239
30%
Clerf Clerf Fischbach 131
30%
Mersch Fischbach Fischbach 428
30%
Grevenmacher Flaxweiler Flaxweiler 587
30%
Esch an der Alzette Frisingen Frisingen 2 406
30%
Luxemburg Hesperingen Hesperingen 2 973
30%
Mersch Lintgen Lintgen 2 664
30%
Grevenmacher Mertert Mertert 2 017
30%
Echternach Rosport-Mompach Mompach 248
30%
Esch an der Alzette Differdingen Oberkorn 4 729
30%
Esch an der Alzette Petingen Petingen 10 017
30%
Esch an der Alzette Reckingen/Mess Reckingen/Mess 1 169
30%
Redingen Redingen/Attert Redingen/Attert 1 627
30%
Esch an der Alzette Petingen Rodingen 7 864
30%
Luxemburg Schüttringen Schüttringen 1 830
30%
Luxemburg Walferdingen Walferdingen 1 075
30%
Clerf Weiswampach Weiswampach 1 685
30%
Grevenmacher Wormeldingen Wormeldingen 986
30%
Echternach Berdorf Berdorf 1 472
26%
Grevenmacher Betzdorf Berg 353
26%
Grevenmacher Biwer Biwer 858
26%
Echternach Rosport-Mompach Born 425
26%
Echternach Consdorf Consdorf 1 409
26%
Wiltz Goesdorf Dahl 359
26%
Capellen Garnich Dahlem 529
26%
Remich Bad Mondorf Ellingen 350
26%
Remich Bous-Waldbredimus Erpeldingen 696
26%
Wiltz Wiltz Erpeldingen 473
26%
Diekirch Erpeldingen an der Sauer Erpeldingen an der Sauer 1 272
26%
Wiltz Esch-Sauer Eschdorf 990
26%
Mersch Fels Fels 1 672
26%
Capellen Steinfort Gras 168
26%
Capellen Kehlen Nospelt 1 319
26%
Redingen Rambruch Perl 942
26%
Redingen Rambruch Rambruch 585
26%
Esch an der Alzette Roeser Roeser 1 308
26%
Echternach Rosport-Mompach Rosport 879
26%
Redingen Saeul Saeul 523
26%
Luxemburg Schüttringen Schrassig 866
26%
Remich Stadtbredimus Stadtbredimus 942
26%
Redingen Useldingen Useldingen 1 123
26%
Remich Bous-Waldbredimus Assel 222
22%
Echternach Bech Bech 467
22%
Remich Schengen Bech-Kleinmacher 708
22%
Echternach Befort Befort 2 804
22%
Esch an der Alzette Sassenheim Beles 8 973
22%
Grevenmacher Biwer Bruch 63
22%
Mersch Helperknapp Bruch 1 062
22%
Remich Lenningen Canach 1 720
22%
Remich Dalheim Dalheim 1 583
22%
Luxemburg Sandweiler Findel 33
22%
Esch an der Alzette Monnerich Fötz 625
22%
Grevenmacher Junglinster Graulinster 139
22%
Redingen Grosbous-Wahl Grosbus 1 070
22%
Capellen Steinfort Hagen 1 609
22%
Capellen Mamer Holzem 779
22%
Luxemburg Niederanven Hostert 581
22%
Redingen Rambruch Hostert 461
22%
Luxemburg Hesperingen Howald 5 870
22%
Esch an der Alzette Kayl Kayl 5 992
22%
Capellen Kehlen Keispelt 772
22%
Capellen Steinfort Kleinbettingen 1 170
22%
Capellen Kehlen Meispelt 347
22%
Grevenmacher Flaxweiler Niederdonven 462
22%
Capellen Käerjeng Niederkerschen 6 005
22%
Redingen Beckerich Noerdingen 626
22%
Grevenmacher Flaxweiler Oberdonwen 240
22%
Capellen Käerjeng Oberkerschen 2 019
22%
Capellen Kehlen Olm 2 042
22%
Esch an der Alzette Reckingen/Mess Pissingen 106
22%
Redingen Useldingen Rippweiler 196
22%
Remich Bous-Waldbredimus Roedt 176
22%
Esch an der Alzette Petingen Rollingen 3 200
22%
Luxemburg Steinsel Steinsel 2 657
22%
Esch an der Alzette Kayl Tetingen 4 025
22%
Mersch Helperknapp Tüntingen 1 380
22%
Clerf Ulflingen Ulflingen 1 991
22%
Redingen Vichten Vichten 1 251
22%
Echternach Waldbillig Waldbillig 602
22%
Remich Bous-Waldbredimus Waldbredimus 653
22%
Grevenmacher Biwer Wecker 229
22%
Grevenmacher Biwer Wecker-Gare 501
22%
Wiltz Kiischpelt Wilwerwiltz 276
22%
Capellen Koerich Windhof 97
22%
Clerf Wintger Wintger 232
22%
Esch an der Alzette Sassenheim Zolwer 6 427
22%
Diekirch Bettendorf Bettendorf 1 386
17%
Grevenmacher Betzdorf Betzdorf 283
17%
Echternach Berdorf Bollendorferbrück 359
17%
Grevenmacher Junglinster Burglinster 763
17%
Mersch Colmar-Berg Colmar-Berg 2 073
17%
Capellen Dippach Dippach 1 039
17%
Grevenmacher Wormeldingen Dreiborn 12
17%
Diekirch Ernztalgemeinde Eppeldorf 286
17%
Luxemburg Hesperingen Fentingen 2 702
17%
Diekirch Bettendorf Gilsdorf 1 164
17%
Echternach Waldbillig Haller 428
17%
Clerf Wintger Heisdorf 219
17%
Clerf Ulflingen Huldingen 471
17%
Redingen Beckerich Hüttingen 30
17%
Wiltz Esch-Sauer Insenborn 193
17%
Capellen Koerich Koerich 1 416
17%
Capellen Kopstal Kopstal 1 096
17%
Mersch Nommern Kruchten 704
17%
Esch an der Alzette Differdingen Lasauvage 461
17%
Remich Lenningen Lenningen 418
17%
Esch an der Alzette Reckingen/Mess Limpach 467
17%
Esch an der Alzette Roeser Livingen 411
17%
Diekirch Mertzig Mertzig 2 412
17%
Luxemburg Schüttringen Munsbach 757
17%
Luxemburg Contern Mutfort 1 569
17%
Diekirch Feulen Niederfeulen 1 745
17%
Redingen Redingen/Attert Niederpallen 440
17%
Redingen Beckerich Oberpallen 427
17%
Luxemburg Contern Oetringen 1 065
17%
Echternach Rosport-Mompach Osweiler 496
17%
Diekirch Reisdorf Reisdorf 911
17%
Capellen Habscht Roodt 235
17%
Redingen Ell Roodt 411
17%
Grevenmacher Betzdorf Roodt-Syr 1 978
17%
Diekirch Schieren Schieren 2 118
17%
Capellen Habscht Simmern 419
17%
Grevenmacher Junglinster Altlinster 150
13%
Luxemburg Hesperingen Alzingen 3 068
13%
Esch an der Alzette Frisingen Aspelt 1 689
13%
Clerf Wintger Asselborn 454
13%
Grevenmacher Manternach Berburg 1 104
13%
Capellen Dippach Bettingen 1 423
13%
Mersch Helperknapp Böwingen/Attert 1 097
13%
Redingen Grosbous-Wahl Dellen 112
13%
Esch an der Alzette Sassenheim Ehleringen 996
13%
Esch an der Alzette Reckingen/Mess Ehlingen 662
13%
Grevenmacher Wormeldingen Ehnen 949
13%
Grevenmacher Junglinster Gonderingen 2 037
13%
Capellen Koerich Götzingen 575
13%
Mersch Heffingen Heffingen 1 186
13%
Luxemburg Steinsel Heisdorf 2 098
13%
Esch an der Alzette Frisingen Hellingen 954
13%
Capellen Garnich Hivingen 127
13%
Mersch Helperknapp Hollenfels 546
13%
Clerf Parc Hosingen Hoscheid 546
13%
Esch an der Alzette Bettemburg Hüncheringen 718
13%
Diekirch Erpeldingen an der Sauer Ingeldorf 826
13%
Luxemburg Hesperingen Itzig 2 499
13%
Capellen Garnich Kahler 353
13%
Wiltz Kiischpelt Kautenbach 155
13%
Capellen Käerjeng Linger 617
13%
Wiltz Esch-Sauer Lultzhausen 34
13%
Grevenmacher Manternach Manternach 725
13%
Mersch Nommern Nommern 322
13%
Luxemburg Niederanven Oberanwen 855
13%
Diekirch Feulen Oberfeulen 699
13%
Redingen Redingen/Attert Ospern 439
13%
Esch an der Alzette Roeser Peppingen 946
13%
Mersch Bissen Roost 42
13%
Capellen Dippach Schuweiler 1 644
13%
Luxemburg Niederanven Senningen 758
13%
Esch an der Alzette Monnerich Steinbrücken 1 151
13%
Vianden Tandel Tandel 113
13%
Diekirch Ettelbrück Warken 1 581
13%
Esch an der Alzette Reckingen/Mess Wickringen 157
13%
Wiltz Winseler Winseler 197
13%
Redingen Rambruch Arsdorf 403
9%
Wiltz Bauschleiden Bauschleiden 799
9%
Esch an der Alzette Roeser Berchem 1 342
9%
Redingen Préizerdaul Bettborn 497
9%
Vianden Tandel Bettel 390
9%
Grevenmacher Flaxweiler Beyren 416
9%
Clerf Weiswampach Binsfeld 344
9%
Esch an der Alzette Roeser Bivingen 1 159
9%
Echternach Bech Blumenthal 75
9%
Clerf Wintger Bögen 318
9%
Redingen Rambruch Bondorf 564
9%
Wiltz Stauseegemeinde Böwen 185
9%
Clerf Wintger Boxhorn 457
9%
Wiltz Goesdorf Büderscheid 197
9%
Diekirch Burscheid Burscheid 446
9%
Mersch Helperknapp Buschdorf 610
9%
Redingen Saeul Calmus 215
9%
Echternach Waldbillig Christnach 842
9%
Esch an der Alzette Roeser Crauthem 1 657
9%
Clerf Wintger Derenbach 368
9%
Clerf Clerf Drauffelt 262
9%
Redingen Beckerich Elvingen 121
9%
Remich Schengen Elvingen 1 015
9%
Luxemburg Niederanven Ernster 451
9%
Redingen Useldingen Everlingen 596
9%
Capellen Käerjeng Fingig 550
9%
Redingen Rambruch Folscheid 524
9%
Capellen Koerich Göblingen 709
9%
Diekirch Burscheid Goebelsmühle 38
9%
Capellen Habscht Greisch 226
9%
Remich Stadtbredimus Greiveldingen 974
9%
Wiltz Stauseegemeinde Harlingen 607
9%
Wiltz Esch-Sauer Heiderscheid 720
9%
Clerf Clerf Heinerscheid 699
9%
Luxemburg Walferdingen Helmsingen 3 157
9%
Clerf Wintger Hoffelt 380
9%
Clerf Parc Hosingen Hoscheid-Dickt 426
9%
Redingen Beckerich Hovelingen 407
9%
Redingen Grosbous-Wahl Kuborn 113
9%
Clerf Wintger Lentzweiler 117
9%
Clerf Wintger Lullingen 137
9%
Mersch Helperknapp Marienthal 127
9%
Clerf Clerf Marnach 771
9%
Luxemburg Contern Medingen 129
9%
Grevenmacher Betzdorf Mensdorf 996
9%
Vianden Pütscheid Merscheid 224
9%
Wiltz Esch-Sauer Merscheid 308
9%
Mersch Mersch Moesdorf 480
9%
Echternach Waldbillig Müllerthal 55
9%
Redingen Redingen/Attert Nagem 297
9%
Clerf Ulflingen Niederbesslingen 173
9%
Redingen Ell Niedercolpach 144
9%
Redingen Ell Obercolpach 320
9%
Redingen Préizerdaul Platen 530
9%
Wiltz Winseler Pommerloch 154
9%
Redingen Préizerdaul Pratz 560
9%
Vianden Pütscheid Pütscheid 120
9%
Redingen Préizerdaul Reimberg 239
9%
Remich Schengen Remerschen 770
9%
Esch an der Alzette Reckingen/Mess Roedgen 335
9%
Redingen Useldingen Schandel 235
9%
Diekirch Burscheid Schlindermanderscheid 140
9%
Redingen Beckerich Schweich 294
9%
Capellen Dippach Sprinkingen 571
9%
Clerf Wintger Stockem 134
9%
Wiltz Bauschleiden Syr 258
9%
Wiltz Esch-Sauer Tadler 107
9%
Diekirch Reisdorf Wallendorferbrück 265
9%
Esch an der Alzette Bettemburg Abweiler 160
4%
Clerf Wintger Allerborn 111
4%
Wiltz Bauschleiden Baschleiden 512
4%
Vianden Tandel Bastendorf 652
4%
Luxemburg Walferdingen Bereldingen 4 664
4%
Esch an der Alzette Monnerich Bergem 1 575
4%
Mersch Mersch Beringen 1 249
4%
Wiltz Winseler Berl 133
4%
Redingen Rambruch Bilsdorf 179
4%
Vianden Tandel Brandenburg 335
4%
Redingen Grosbous-Wahl Brattert 23
4%
Echternach Consdorf Breidweiler 133
4%
Grevenmacher Biwer Budler 76
4%
Diekirch Erpeldingen an der Sauer Bürden 534
4%
Redingen Grosbous-Wahl Buschrodt 130
4%
Clerf Wintger Deiffelt 146
4%
Capellen Kehlen Dondelingen 197
4%
Wiltz Winseler Donkols 466
4%
Clerf Wintger Dönningen 167
4%
Clerf Ulflingen Drinklingen 210
4%
Capellen Kehlen Dürrenthal 3
4%
Redingen Saeul Ehner 47
4%
Redingen Redingen/Attert Eltz 55
4%
Diekirch Ernztalgemeinde Ermsdorf 496
4%
Remich Bous-Waldbredimus Ersingen 254
4%
Redingen Rambruch Escheid 30
4%
Grevenmacher Junglinster Eschweiler 209
4%
Wiltz Wiltz Eschweiler 377
4%
Clerf Clerf Eselborn 508
4%
Esch an der Alzette Bettemburg Fenningen 426
4%
Remich Dalheim Filsdorf 560
4%
Mersch Helperknapp Finsterthal 8
4%
Vianden Tandel Fuhren 474
4%
Clerf Wintger Fünfbrunnen 4
4%
Echternach Rosport-Mompach Givenich 106
4%
Grevenmacher Junglinster Godbringen 654
4%
Wiltz Goesdorf Goesdorf 303
4%
Mersch Lintgen Gosseldingen 741
4%
Redingen Grosbous-Wahl Grevels 303
4%
Mersch Helperknapp Grevenknapp 309
4%
Echternach Befort Grundhof 59
4%
Redingen Grosbous-Wahl Heispelt 120
4%
Mersch Lorentzweiler Helmdingen 771
4%
Clerf Wintger Helzingen 207
4%
Wiltz Esch-Sauer Hierheck 36
4%
Echternach Rosport-Mompach Hinkel 88
4%
Clerf Wintger Hinterhasselt 10
4%
Diekirch Reisdorf Hoesdorf 149
4%
Remich Stadtbredimus Hüttermühle 88
4%
Grevenmacher Junglinster Imbringen 398
4%
Clerf Clerf Kalborn 63
4%
Wiltz Stauseegemeinde Kaundorf 400
4%
Redingen Rambruch Kimm 21
4%
Wiltz Wiltz Knaphoscheid 301
4%
Esch an der Alzette Roeser Kockelscheuer 282
4%
Redingen Grosbous-Wahl Lehrhof 16
4%
Wiltz Kiischpelt Lellingen 107
4%
Clerf Clerf Lieler 436
4%
Diekirch Burscheid Lipperscheid 308
4%
Vianden Tandel Longsdorf 103
4%
Diekirch Ernztalgemeinde Medernach 1 482
4%
Diekirch Burscheid Michelau 377
4%
Redingen Vichten Michelbouch 188
4%
Echternach Rosport-Mompach Moersdorf 409
4%
Wiltz Esch-Sauer Neunhausen 247
4%
Clerf Wintger Niederwampach 271
4%
Esch an der Alzette Bettemburg Nörtzingen 1 096
4%
Mersch Helperknapp Obenthalt 16
4%
Clerf Ulflingen Oberbesslingen 218
4%
Redingen Rambruch Obermartelingen 16
4%
Clerf Wintger Oberwampach 264
4%
Grevenmacher Betzdorf Olingen 488
4%
Wiltz Kiischpelt Pintsch 325
4%
Luxemburg Niederanven Rammeldingen 908
4%
Redingen Redingen/Attert Reichlingen 182
4%
Mersch Heffingen Reuland 372
4%
Redingen Grosbous-Wahl Rindschleiden 1
4%
Wiltz Esch-Sauer Ringel 65
4%
Echternach Bech Rippig 138
4%
Grevenmacher Junglinster Rodenborn 249
4%
Clerf Clerf Roder 85
4%
Clerf Parc Hosingen Rodershausen 136
4%
Remich Bous-Waldbredimus Rolling 167
4%
Mersch Mersch Rollingen 2 249
4%
Redingen Rambruch Rombach-Martelingen 215
4%
Clerf Wintger Sassel 51
4%
Mersch Mersch Schönfels 239
4%
Mersch Fischbach Schoos 353
4%
Redingen Saeul Schwebach 192
4%
Remich Schengen Schwebsingen 433
4%
Luxemburg Niederanven Senningerberg 1 918
4%
Capellen Habscht Simmerfarm 89
4%
Wiltz Winseler Soller 96
4%
Luxemburg Weiler zum Turm Syren 713
4%
Remich Bous-Waldbredimus Trintingen 397
4%
Clerf Wintger Trotten 232
4%
Clerf Wintger Trotten-Straße 135
4%
Clerf Parc Hosingen Wahlhausen 502
4%
Luxemburg Niederanven Waldhof 2
4%
Vianden Tandel Walsdorf 79
4%
Remich Schengen Wellenstein 679
4%
Mersch Colmar-Berg Welsdorf 411
4%
Clerf Ulflingen Wilwerdingen 401
4%
Remich Schengen Wintringen 487
4%
Redingen Rambruch Wolwelingen 517
4%
Wiltz Kiischpelt Alscheid 81
0%
Echternach Bech Altrier 306
0%
Remich Bad Mondorf Altwies 841
0%
Mersch Fischbach Angelsberg 488
0%
Mersch Helperknapp Ansemburg 47
0%
Mersch Lorentzweiler Asselscheuer 70
0%
Grevenmacher Junglinster Beidweiler 275
0%
Clerf Weiswampach Beiler 166
0%
Diekirch Reisdorf Bigelbach 103
0%
Mersch Helperknapp Bill 12
0%
Diekirch Schieren Birtringen 8
0%
Vianden Pütscheid Bivels 131
0%
Grevenmacher Biwer Biwerbach 11
0%
Clerf Ulflingen Biwisch 142
0%
Mersch Lorentzweiler Blascheid 518
0%
Clerf Parc Hosingen Bockholtz 76
0%
Wiltz Goesdorf Bockholtz 91
0%
Diekirch Burscheid Bockholtzermühle 4
0%
Mersch Lorentzweiler Bofferdingen 1 143
0%
Wiltz Esch-Sauer Bonnal 84
0%
Echternach Rosport-Mompach Boursdorf 20
0%
Clerf Wintger Brachtenbach 276
0%
Clerf Weiswampach Breidfeld 53
0%
Grevenmacher Biwer Breinert 84
0%
Grevenmacher Biwer Budlerbach 27
0%
Remich Schengen Bürmeringen 295
0%
Diekirch Burscheid Burscheider 38
0%
Mersch Helperknapp Clooshof 1
0%
Diekirch Burscheid Closdelt 4
0%
Echternach Consdorf Colbet 27
0%
Clerf Parc Hosingen Consthum 301
0%
Clerf Wintger Crendal 40
0%
Echternach Rosport-Mompach Dickweiler 134
0%
Echternach Befort Dillingen 287
0%
Wiltz Esch-Sauer Dirbach 53
0%
Clerf Parc Hosingen Dorscheid 111
0%
Clerf Parc Hosingen Eisenbach 305
0%
Grevenmacher Junglinster Eisenborn 350
0%
Remich Schengen Emeringen 155
0%
Wiltz Kiischpelt Enscheringen 201
0%
Diekirch Burscheid Enteschbaach 5
0%
Mersch Fels Ernzen 563
0%
Mersch Mersch Essingen 20
0%
Redingen Rambruch Flatzbour 31
0%
Diekirch Burscheid Flebour 29
0%
Diekirch Ernztalgemeinde Folkendingen 25
0%
Clerf Clerf Fossenhof 1
0%
Echternach Waldbillig Freckeisen 30
0%
Diekirch Burscheid Friedbusch 9
0%
Echternach Bech Geyershof 42
0%
Echternach Rosport-Mompach Girst 105
0%
Echternach Rosport-Mompach Girsterklause 8
0%
Clerf Ulflingen Gödingen 47
0%
Grevenmacher Flaxweiler Gostingen 564
0%
Vianden Pütscheid Gralingen 248
0%
Diekirch Ettelbrück Grentzingen 7
0%
Clerf Clerf Grindhausen 16
0%
Wiltz Winseler Grümelscheid 137
0%
Grevenmacher Biwer Hagelsdorf 29
0%
Luxemburg Weiler zum Turm Hassel 742
0%
Wiltz Esch-Sauer Heiderscheidergrund 63
0%
Echternach Bech Helmsthal 108
0%
Echternach Rosport-Mompach Herborn 190
0%
Echternach Bech Hersberg 103
0%
Clerf Weiswampach Holler 89
0%
Clerf Parc Hosingen Holzthum 333
0%
Vianden Tandel Hoscheidterhof 7
0%
Mersch Lorentzweiler Hunsdorf 618
0%
Clerf Clerf Hüpperdingen 404
0%
Wiltz Stauseegemeinde Ischpelt 385
0%
Echternach Berdorf Kalkesbach 50
0%
Grevenmacher Wormeldingen Kapenacker 16
0%
Redingen Saeul Kapweiler 48
0%
Clerf Clerf Käsfurt 16
0%
Diekirch Burscheid Kehmen 102
0%
Diekirch Ernztalgemeinde Keivelbach 12
0%
Vianden Tandel Kippenhof 6
0%
Clerf Clerf Kirelshof 2
0%
Clerf Weiswampach Kleemühle 3
0%
Redingen Ell Kleinelcheroth 181
0%
Mersch Lorentzweiler Klingelscheuer 8
0%
Echternach Bech Kobenbour 61
0%
Mersch Fischbach Ködingen 10
0%
Redingen Rambruch Kötscheid 195
0%
Mersch Helperknapp Kuelbecherhaff 3
0%
Vianden Tandel Landscheid 107
0%
Redingen Redingen/Attert Lannen 120
0%
Clerf Clerf Lausdorn 22
0%
Capellen Habscht Leesbach 7
0%
Clerf Weiswampach Leithum 161
0%
Grevenmacher Manternach Lellig 264
0%
Redingen Beckerich Levelingen 110
0%
Wiltz Stauseegemeinde Liefringen 118
0%
Echternach Rosport-Mompach Lilien 7
0%
Grevenmacher Wormeldingen Machtum 598
0%
Echternach Consdorf Marscherwald 10
0%
Wiltz Goesdorf Masseler 65
0%
Clerf Wintger Maulusmühle 19
0%
Clerf Clerf Mecher 23
0%
Wiltz Stauseegemeinde Mecher 70
0%
Wiltz Kiischpelt Merkholz 124
0%
Mersch Fels Meysemburg 2
0%
Diekirch Bettendorf Moestroff 549
0%
Luxemburg Steinsel Müllendorf 1 309
0%
Grevenmacher Manternach Münschecker 232
0%
Clerf Clerf Munshausen 273
0%
Vianden Pütscheid Nachtmanderscheid 110
0%
Clerf Parc Hosingen Neidhausen 194
0%
Luxemburg Schüttringen Neunhäusgen 264
0%
Mersch Nommern Niederglabach 12
0%
Wiltz Goesdorf Nocher 462
0%
Wiltz Goesdorf Nocherstraße 184
0%
Wiltz Winseler Nörtringen 338
0%
Wiltz Stauseegemeinde Nothum 410
0%
Mersch Nommern Oberglabach 32
0%
Grevenmacher Wormeldingen Oberwormeldingen 406
0%
Mersch Lintgen Prettingen 90
0%
Clerf Clerf Reuler 397
0%
Redingen Rambruch Riesenhof 16
0%
Wiltz Wiltz Rollingen 159
0%
Clerf Weiswampach Rosswinckel 3
0%
Clerf Wintger Rümlingen 102
0%
Diekirch Ernztalgemeinde Sawelborn 30
0%
Diekirch Burscheid Scheidel 37
0%
Echternach Consdorf Scheidgen 502
0%
Mersch Fischbach Schiltzberg 16
0%
Clerf Wintger Schimpach 114
0%
Wiltz Winseler Schleif 11
0%
Mersch Nommern Schrondweiler 444
0%
Redingen Rambruch Schwidelbrouch 80
0%
Wiltz Wiltz Selscheid 145
0%
Vianden Tandel Seltz 107
0%
Clerf Clerf Siebenaler 52
0%
Capellen Habscht Simmerschmelz 18
0%
Diekirch Ernztalgemeinde Stegen 579
0%
Echternach Rosport-Mompach Steinheim 658
0%
Vianden Pütscheid Stolzemburg 202
0%
Mersch Fischbach Stuppicht 4
0%
Clerf Clerf Tintesmühle 5
0%
Luxemburg Schüttringen Übersyren 769
0%
Clerf Parc Hosingen Unterschlinder 6
0%
Clerf Clerf Urspelt 170
0%
Wiltz Stauseegemeinde Walter 158
0%
Clerf Clerf Weicherdingen 344
0%
Capellen Kehlen Weidenthal 7
0%
Grevenmacher Biwer Weidig 25
0%
Wiltz Wiltz Weidingen 843
0%
Echternach Berdorf Weilerbach 326
0%
Remich Dalheim Welfringen 230
0%
Diekirch Burscheid Welscheid 219
0%
Clerf Weiswampach Wemperhardt 111
0%
Mersch Fischbach Weyer 14
0%
Clerf Clerf Wirtgensmühle 2
0%
Echternach Consdorf Wolpert 26
0%
Echternach Bech Zittig 77
0%
Keine übereinstimmenden Quizze gefunden
Verteilung der Resultate
Anzahl Personen mit jedem Resultat
Perzentil nach korrekt beantworteten Fragen
Ihre Resultats-Entwicklung
Sie haben dieses Quiz noch nicht gespielt